000 00336 a2200157 4500
001 71829
020 _a8532250505
040 _cAnchieta - Colégio São Paulo
100 _aBraz, Júlio Emílio
240 1 0 _aCinderela
_lpor
245 1 0 _aCinderela
300 _a34
362 0 _a2003
650 4 _aLiteratura infantil
942 _cBK
999 _c71829
_d71829